000 01037nam a2200241 a 4500
001 000038248
005 20250221073755.0
008 091209s1998 dr a 000 0 spa d
040 _aDO-SdBNP
_bspa
_cBNPHU
082 _a304.6097293
_bR426c, 1998
110 1 _aRepública Dominicana .
_bSecretariado Técnico de la Presidencia,
_bOficina Nacional de Estadística
_910866
245 1 0 _aVII censo nacional :
_bresultados definitivos total país /
_cpresentación Maritza Rossi de Pérez.
246 1 0 _aSéptimo censo nacional :
_bresultados definitivos total país
260 _aSanto Domingo :
_bONE,
_c1998.
300 _a2v. ;
_c28 cm.
505 0 _gv.1.
_tVivienda --
_gv.2.
_tPoblación
590 _aInventariado, 2018/BT
650 4 _aVivienda
_zRepública Dominicana
_vESTADÍSTICAS
_964616
651 4 _aRepública Dominicana
_xPoblación
_vESTADÍSTICAS
_964617
700 1 _aPérez, Maritza Rossi de
_964618
710 1 _aRepública Dominicana.
_bOficina Nacional de Estadística
_95775
910 _aValidado. Control de calidad. MFF
999 _c37738
_d37738